مكتبة جامعة عجلون الوطنية

فهرس بحث المكتبة

Normal view MARC view
  • تاليف آل ناصر،محمدبن موسى

Entry Personal Name

Number of records used in: 1

001 - CONTROL NUMBER

  • control field: 19176

003 - CONTROL NUMBER IDENTIFIER

  • control field: JO-AjAnu

005 - DATE AND TIME OF LATEST TRANSACTION

  • control field: 20230606073344.0

008 - FIXED-LENGTH DATA ELEMENTS

  • fixed length control field: 230606|| aca||aabn | a|a d

040 ## - CATALOGING SOURCE

  • Original cataloging agency: JO-AjAnu
  • Transcribing agency: JO-AjAnu

100 ## - HEADING--PERSONAL NAME

  • Personal name: تاليف آل ناصر،محمدبن موسى

670 ## - SOURCE DATA FOUND

  • Source citation: Work cat.: (JO-AjAnu)9841: تاليف آل ناصر،محمدبن موسى, author, الأخطاء الواقعة في قراءة سورة الفاتحة من المصلين والأئمة والقارئين فيه تنبية على نحو من مائتي خطأ يقع فيها